Market share in Japan : 2006.

Bibliographic Details
Format: Book
Published: Tokyo: Yano Research Institute: 2006.
Edition:27th ed.
Subjects:
LEADER 00402cam a2200145 7i4500
001 0000019478
005 20070626090000.0
090 0 0 |a JAPN 658.8   |b MAR 
245 0 0 |a Market share in Japan :   |b 2006. 
250 0 0 |a 27th ed. 
260 0 0 |a Tokyo:   |b Yano Research Institute:   |b 2006. 
300 # # |a 835 p. 
650 0 0 |a Market share --   |z Japan  
651 0 0 |a Japan  
999 |a 0000020237  |b Book  |c Countries  |e Business Information Centre